000
00323nam a2200133Ia 4500
008
090124s9999 xx 000 0 und d
082
_b
110464
245
_a
दुसरा बहर
250
_a
0
300
_a
166+2
630
_a
दुसरा बहर
730
_a
दुसरा बहर
942
_c
BOOK
999
_c
156555
_d
156555